[Event "Titled Tuesday intern op 16th Apr Early"]
[Site "Chess.com INT"]
[Date "2024.04.16"]
[Round "11"]
[White "Ocido, Michael"]
[Black "Krishnan, Ritvik"]
[Result "1-0"]
[WhiteElo "2087"]
[BlackElo "2277"]
[PlyCount "77"]
[EventDate "2024.04.16"]
[EventType "swiss (blitz)"]
[EventRounds "11"]
[EventCountry "USA"]
[SourceTitle "CB17_2024"]
[SourceDate "2024.04.24"]
[SourceVersion "1"]
[SourceVersionDate "2024.04.24"]
[SourceQuality "1"]

1. d4 Nf6 2. Nc3 e6 3. e4 d5 4. Bg5 dxe4 5. Nxe4 Be7 6. Bxf6 gxf6 7. Nf3 f5 8. Nc3 a6 9. Bc4 b5 10. Bb3 Bb7 11. Qe2 Nd7 12. 0-0-0 b4 13. d5 bxc3 14. dxe6 Bd6 15. exd7+ Kf8 16. Ne5 f4 17. Nxf7 Qf6 18. Nxh8 f3 19. gxf3 Bxf3 20. Qc4 Bxh1 21. Rxh1 Qf4+ 22. Qxf4+ Bxf4+ 23. Kb1 Ke7 24. Nf7 Kxd7 25. bxc3 a5 26. a4 Re8 27. Rd1+ Kc6 28. Nd8+ Kb6 29. Ne6 Bxh2 30. Rh1 Bd6 31. Rxh7 Rg8 32. Kb2 Rg1 33. f4 Rf1 34. Rf7 Rf2 35. f5 Be5 36. Nd4 Rf4 37. Re7 Bh8 38. Re6+ Kb7 39. Bd5+ 1-0

[Event "Titled Tuesday intern op 22nd Aug Early"]
[Site "Chess.com INT"]
[Date "2023.08.22"]
[Round "4"]
[White "Ocido, Michael"]
[Black "Dilmukhametov, Artur"]
[Result "0-1"]
[WhiteElo "2081"]
[BlackElo "2276"]
[PlyCount "82"]
[EventDate "2023.08.22"]
[EventType "swiss (blitz)"]
[EventRounds "11"]
[EventCountry "USA"]
[SourceTitle "EXT 2024"]
[Source "ChessBase"]
[SourceDate "2023.10.10"]
[SourceVersion "1"]
[SourceVersionDate "2023.10.10"]
[SourceQuality "1"]

1. d4 d5 2. Nc3 c6 3. Bf4 Nf6 4. e3 a6 5. Nf3 e6 6. Ne5 c5 7. Bg3 Nc6 8. f4 cxd4 9. exd4 Qb6 10. Nxc6 bxc6 11. Rb1 c5 12. Bf2 c4 13. Be2 Bd7 14. 0-0 Bb4 15. f5 exf5 16. Bf3 Be6 17. Qe2 0-0 18. Qe5 Bd6 19. Qe2 Ne4 20. Bxe4 fxe4 21. Nxe4 dxe4 22. d5 Bxh2+ 23. Kxh2 Qd6+ 24. Bg3 Qxd5 25. Rbd1 Qb5 26. Qxe4 Qh5+ 27. Kg1 Rfe8 28. Qd4 h6 29. b3 cxb3 30. axb3 Qg6 31. Rd3 Bf5 32. Rdf3 Bxc2 33. Rxf7 Qxg3 34. Qc4 Kh7 35. Qxc2+ Qg6 36. Qc7 Rac8 37. Qa7 Rc2 38. Qb7 Ree2 39. Rxg7+ Qxg7 40. Rf7 Rxg2+ 41. Kf1 Rg1# 0-1

[Event "Titled Tuesday intern op 25th Jul Late"]
[Site "Chess.com INT"]
[Date "2023.07.25"]
[Round "2"]
[White "Doluhanova, Evgeniya"]
[Black "Ocido, Michael"]
[Result "1-0"]
[WhiteElo "2278"]
[BlackElo "2081"]
[PlyCount "57"]
[EventDate "2023.07.25"]
[EventType "swiss (blitz)"]
[EventRounds "11"]
[EventCountry "USA"]
[SourceTitle "EXT 2024"]
[Source "ChessBase"]
[SourceDate "2023.10.10"]
[SourceVersion "1"]
[SourceVersionDate "2023.10.10"]
[SourceQuality "1"]

1. e4 e6 2. d4 d5 3. exd5 exd5 4. Nf3 Bd6 5. Bd3 Ne7 6. Bg5 f6 7. Bh4 Bg4 8. h3 Bh5 9. Qe2 Qd7 10. Nbd2 Nbc6 11. 0-0-0 Nxd4 12. Qe3 Nxf3 13. Nxf3 Qa4 14. Bg3 Bxg3 15. fxg3 Qxa2 16. Rhe1 Qa1+ 17. Kd2 Qa5+ 18. c3 0-0-0 19. Qxe7 d4 20. Qb4 dxc3+ 21. Qxc3 Qa4 22. Ke3 Rd6 23. Kf2 Rhd8 24. Bf5+ Kb8 25. Rxd6 Rxd6 26. g4 Bf7 27. Re7 Bd5 28. Qxc7+ Ka8 29. Qc8# 1-0